000 00771nam a2200229 a 4500
001 BRCA_6089
005 20190321142922.0
008 140611s1936----fr-a######---#000-0#fre-#
041 _afre
044 _afr
050 4 _b.C65 1936
245 1 0 _aCollections réunies par M. François Coty au Château du Puy d´ Artigny et au Pavillon du Barry à Louveciennes.
260 _aParís
_bLahure
_c1936
300 _a165 p.
_bil. (algunas a color), 118 láminas
_c33 cm.
500 _aCatálogo de subasta inventariado por Banco de México como libro
500 _aCA9
600 1 4 _aCoty, Francois
_d1874-1934
_xColecciones privadas
_915401
650 1 4 _aArte
_vVenta
_915257
650 1 4 _aArte
_vCatálogos
_xColecciones privadas
_915402
902 _aGFM
942 _2lcc
_cB
999 _c5776
_d5776